000 00435nam a2200181Ia 4500
001 8744
005 20260306160632.0
008 260306t2013||||xx |||||||||||||| ||spa||
041 _aESP
082 _a371.3
_bV23
100 _aVallet, Maite
_eAUT
245 0 _a¡Atrévete a innovar!:
_by a trabajar en equipo
260 _c2013
300 _a175 páginas :
_c24 cm.
650 _aGEN
654 _aCED
942 _cLIB
_dJUS
_fJUS
_2ddc
_n
999 _c8744
_d8744